Normal view
MARC view
- Gerstner L V
Entry Personal Name
001 - CONTROL NUMBER
- control field: 113957
003 - CONTROL NUMBER IDENTIFIER
- control field: OSt
005 - DATE AND TIME OF LATEST TRANSACTION
- control field: 20230125044615.0
008 - FIXED-LENGTH DATA ELEMENTS
- fixed length control field: 230125|| aca||aabn | a|a d
040 ## - CATALOGING SOURCE
- Original cataloging agency: OSt
- Transcribing agency: OSt
100 ## - HEADING--PERSONAL NAME
- Personal name: Gerstner L V
670 ## - SOURCE DATA FOUND
- Source citation: Work cat.: (OSt)91233: Gerstner L V, Who Says Elephants Can't Dance?, 2002